000 00797cab a2200241 4500
001 WB3301-51
008 090401t1996 xxu||||| |||| 00| 0 eng d
035 _a(Sirsi) u13122
041 _aeng
245 _aRoad guide
260 _c1996
350 _a0
490 _aFinancial Times
_v17 December 1996, 8(2)
520 _aA US software house, NavTech, is to incorporate Michelin`s tourist guides with digital road maps for in-car navigation systems.
650 _aDIGITAL MAPPING
650 _aMICHELIN GUIDES
650 _aPROPERTY-INFRASTRUCTURE-TRANSPORT INFRASTRUCTURE-ROAD INFRASTRUCTURE
650 _aVEHICLE NAVIGATION SYSTEMS
690 _aMANAGEMENT-BUSINESS MANAGEMENT-INFORMATION MANAGEMENT
690 _aTRANSPORT AND COMMUNICATIONS
942 _n0
948 _c04/03/1997
999 _c8437
_d8437